Introduction to biochemistry (Record no. 480060)

000 -LEADER
fixed length control field 00470nam a22001937a 4500
003 - CONTROL NUMBER IDENTIFIER
control field ASAB
005 - DATE AND TIME OF LATEST TRANSACTION
control field 20180827062627.0
008 - FIXED-LENGTH DATA ELEMENTS--GENERAL INFORMATION
fixed length control field 160408t xxu||||| |||| 00| 0 eng d
020 ## - INTERNATIONAL STANDARD BOOK NUMBER
International Standard Book Number 978-81-315-1055-1
040 ## - CATALOGING SOURCE
Transcribing agency ASAB
082 ## - DEWEY DECIMAL CLASSIFICATION NUMBER
Edition number 574.1
100 ## - MAIN ENTRY--PERSONAL NAME
Personal name Mary K. Campbell
9 (RLIN) 1760
210 ## - ABBREVIATED TITLE
Source intro
Qualifying information biochem
222 ## - KEY TITLE
Key title biochemistry
245 ## - TITLE STATEMENT
Title Introduction to biochemistry
246 ## - VARYING FORM OF TITLE
Title proper/short title introduction to biochemistry
300 ## - PHYSICAL DESCRIPTION
Extent 778 P.
942 ## - ADDED ENTRY ELEMENTS (KOHA)
Source of classification or shelving scheme
Koha item type Book
Holdings
Withdrawn status Lost status Source of classification or shelving scheme Damaged status Not for loan Collection code Permanent Location Current Location Date acquired Total Checkouts Full call number Barcode Date last seen Date last checked out Price effective from Koha item type
            Central Library (CL) Central Library (CL) 04/08/2016 1 574.1 CAM ASAB1858 10/03/2019 09/11/2019 04/08/2016 Book
© 2023 Central Library, National University of Sciences and Technology. All Rights Reserved.